| 000 | 00461nam a2200205Ia 4500 | ||
|---|---|---|---|
| 005 | 20241220022255.0 | ||
| 008 | 240331s9999 xx 000 0 und d | ||
| 020 | _a818878804X | ||
| 082 |
_bMAR _21803 _a305 |
||
| 100 | _aNussbaum, M | ||
| 100 | _aBasu, A | ||
| 100 | _aTambiah, Y | ||
| 100 | _aJayal, N G | ||
| 245 | 0 | _aEssays on Gender and Governance | |
| 260 |
_bUNDP _c2003 |
||
| 300 | _a134 p., | ||
| 650 | _aGender | ||
| 650 | _aWomen | ||
| 942 | _cL | ||
| 999 |
_c1412 _d1412 |
||